Principles of electromechanical-energy conversion (Record no. 23169)

000 -LEADER
fixed length control field 00596nam a22002051 4500
001 - CONTROL NUMBER
control field 23169
003 - CONTROL NUMBER IDENTIFIER
control field BD-DhUET
008 - FIXED-LENGTH DATA ELEMENTS--GENERAL INFORMATION
fixed length control field 730301s1966 xx 000 0 eng
040 ## - CATALOGING SOURCE
Original cataloging agency DLC
Transcribing agency DLC
Modifying agency BD-DhUET
082 ## - DEWEY DECIMAL CLASSIFICATION NUMBER
Classification number 623.13
Item number MEI/1966
100 ## - MAIN ENTRY--PERSONAL NAME
Personal name Meisel, Jerome
245 10 - TITLE STATEMENT
Title Principles of electromechanical-energy conversion
250 ## - EDITION STATEMENT
Edition statement 1st ed.
260 ## - PUBLICATION, DISTRIBUTION, ETC. (IMPRINT)
Place of publication, distribution, etc. New York
Name of publisher, distributor, etc. McGraw-Hill
Date of publication, distribution, etc. 1966
300 ## - PHYSICAL DESCRIPTION
Extent xvii, 639p.
Other physical details ill.
490 ## - SERIES STATEMENT
Series statement McGraw-Hill electrical and electronic engineering series
504 ## - BIBLIOGRAPHY, ETC. NOTE
Bibliography, etc Includes bibliographies
650 #0 - SUBJECT ADDED ENTRY--TOPICAL TERM
Topical term or geographic name as entry element Mechinery: Electrical engineering
942 ## - ADDED ENTRY ELEMENTS (KOHA)
Koha item type General Book
Holdings
Koha full call number Koha item type Copy number Lost status Not for loan Price effective from Sublocation or collection (holding branch) Date acquired Location (home branch) Koha date last seen Piece designation (barcode) Withdrawn status Shelving location Damaged status Source of classification or shelving scheme Koha normalized classification for sorting
623.13/MEI/1968General Book1  2015-05-03Central Library, BUET2015-05-03Central Library, BUET2015-05-0311878 Circulation section  623_130000000000000_MEI_1968
623.13/MEI/1966General Book2  2015-05-03Central Library, BUET2015-05-03Central Library, BUET2015-05-0311877 Circulation section  623_130000000000000_MEI_1966
623.13/MEI/1966General Book3  2015-05-03Central Library, BUET2015-05-03Central Library, BUET2015-05-0311875 Circulation section  623_130000000000000_MEI_1966
623.13/MEI/1966General Book4  2015-05-03Central Library, BUET2015-05-03Central Library, BUET2015-05-0311438 Circulation section  623_130000000000000_MEI_1966
623.13/MEI/1966General Book5  2015-05-03Central Library, BUET2015-05-03Central Library, BUET2015-05-0311876 Circulation section  623_130000000000000_MEI_1966
623.13/MEI/1966General Book6  2015-05-03Central Library, BUET2015-05-03Central Library, BUET2015-05-0311437 Circulation section  623_130000000000000_MEI_1966
623.13/MEI/1966General Book7  2015-05-03Central Library, BUET2015-05-03Central Library, BUET2015-05-0311879 Circulation section  623_130000000000000_MEI_1966
623.13/MEI/1966General Book8  2015-05-03Central Library, BUET2015-05-03Central Library, BUET2015-05-0384929 Circulation section  623_130000000000000_MEI_1966
623.13/MEI/1966General Book9  2015-05-07Central Library, BUET2015-05-07Central Library, BUET2015-05-0715539 Circulation section  623_130000000000000_MEI_1966
623.13/MEI/1966General Book10  2015-07-12Central Library, BUET2015-07-12Central Library, BUET2015-07-1239251 Circulation section  623_130000000000000_MEI_1966